El arte de acompañar

Salvato in:
Dettagli Bibliografici
Autore principale: Domínguez Prieto, Xosé Manuel (Autore)
Natura: Libro
Lingua:spagnolo
Pubblicazione: Madrid PPC 2017
Edizione:1a. ed
Serie:Educar Práctico
Soggetti:
Tags: Aggiungi Tag
Nessun Tag, puoi essere il primo ad aggiungerne!!

MARC

LEADER 00000cam a2200000 a 4500
001 UCC3357
003 CL-VaPUC
008 180504e20170000sp |||||||||||||||||spa|d
020 |a 9788428831765 
082 0 4 |a 302.13  |b DOM  |2 21 
100 0 |a Domínguez Prieto, Xosé Manuel  |e author  |9 597379 
245 1 3 |a El arte de acompañar 
250 |a 1a. ed 
300 |a 188 p 
942 |c BK 
945 |d 20180504 14:32:00  |a dcastane 
260 |a Madrid  |b PPC  |c 2017 
650 7 |a RELACIONES PERSONALES  |2 CL-VaPUC  |9 404486 
650 0 |a Amor humano   |9 595923 
650 7 |a COMPASION  |2 CL-VaPUC  |9 392154 
583 |a last modification  |c 20180504 14:32:00  |k Rodrigo Vera 
490 0 |a Educar Práctico 
999 |c 371107  |d 371105 
952 |0 0  |1 0  |3 erb  |4 0  |6 302_130000000000000_DOM_2017  |7 0  |8 A  |9 487986  |a BIBTEO  |b BIBTEO  |i 5468000  |l 1  |o 302.13 DOM 2017  |p 5468000  |q 2024-08-01  |r 2024-06-28  |s 2024-06-28  |w 2019-11-24  |y BK  |z Catalogado en:20180504  |k ICR